000 00374nam a2200133Ia 4500
008 100328s9999 xx 000 0 und d
082 _b55858
100 _aम्हात्रे अरविंद
245 _aप्रतिशोध
260 _bपार्टनर
630 _aप्रतिशोध
730 _aप्रतिशोध
942 _cBOOK
999 _c542474
_d542471